Angèle de A à Z - Statistiques

Statistiques générales
  • Ce quiz a été pris 511 fois
  • Le résultat moyen est 17 sur 25
Statistiques - réponses
Hint Réponse % Correct
Pays d'origine Belgique
98%
Rappeur avec quie elle a fait des duos et dont elle a fait des premières parties Damso
95%
Réseau social dont elle parle dans la chanson "La Thune" Instagram
95%
"Donc laisse-moi te _____ d'aller te faire humhumhum" chanter
92%
"T'es tellement seul derrière ton écran, tu penses à ce que vont penser les _____" gens
92%
Prénoms de son frère Roméo Elvis
92%
"Je veux tes _____, que tes beaux _____ seulement en photo" yeux
92%
Premier instrument qu'elle a appris à jouer Piano
91%
"Tout ça dans un objet, amour, _____ et danger" haine
85%
Type de salle de spectacle dans laquelle elle se représente lors de ses tournées Zénith
79%
Chanson dans laquelle elle demande "Mais c'est qui cette fille sur la photo ?" Jalousie
78%
Chanson en featuring avec son frère dont le clip a obtenu la Victoire de la création audiovisuelle Tout oublier
77%
Personnage qu'elle a interprété dans le film Astérix et Obélix : L'Empire du Milieu Falbala
69%
Chanson en featuring avec Orelsan Evidemment
66%
Nom de son deuxième album Nonante cinq
66%
Son premier single, sorti en 2017 (La _____) La loi de Murphy
62%
Chanson font le clip est une parodie de spots publicitaires Oui ou non
56%
"Everything was going _____, no obligation" well
56%
Son nom de famille Van Laeken
47%
Chanson de sa réédition de Brol, en featuring avec Kiddy Smile Que du Love
45%
Nom de scène de son père, chanteur francophone Marka
30%
Film de Malcolm D Lee où elle fait la voix francophone de Lola Bunny Space Jam : Nouvelle Ere
25%
Sa ville de naissance Uccle
25%
Fondation qui lutte contre le cancer pédiatrique dont elle est la marraine ? Kickcancer
24%
Film américain de Leos Carax dans lequel elle interprète une des six accusatrices Annette
16%
Aucun quiz correspondant
Distribution des résultats
% des personnes avec chaque résultat
Percentile par nombre de réponses
Votre historique - résultats
Vous n’avez pas pris ce quiz